International Handbook on Diversity Management at Work : Country Perspective on Diversity and Equal Treatment. (Record no. 2086)

MARC details
005 - DATE AND TIME OF LATEST TRANSACTION
control field 20250507102831.0
020 ## - INTERNATIONAL STANDARD BOOK NUMBER
International Standard Book Number 987 0 85793 931 9
082 ## - DEWEY DECIMAL CLASSIFICATION NUMBER
Classification number 658.3 KLA
245 ## - TITLE STATEMENT
Title International Handbook on Diversity Management at Work : Country Perspective on Diversity and Equal Treatment.
250 ## - EDITION STATEMENT
Edition statement 2rd Ed
260 ## - PUBLICATION, DISTRIBUTION, ETC.
Place of publication, distribution, etc. Northampton,
Name of publisher, distributor, etc. Edward Elgar,
Date of publication, distribution, etc. 2014.
300 ## - PHYSICAL DESCRIPTION
Extent Xiv, 290p.: ill .; figure , table
Other physical details Index
Dimensions 24cm.
700 ## - ADDED ENTRY--PERSONAL NAME
Other authors/Editors KLARSFELD, A. & BOOYSEN, L. A. E. et all..
856 ## - ELECTRONIC LOCATION AND ACCESS
Link text Access Online Book
Electronic name Management
Path www.e-elgear.com
942 ## - ADDED ENTRY ELEMENTS (KOHA)
Source of classification or shelving scheme Dewey Decimal Classification
Koha item type Books
Holdings
Date last seen Total checkouts Full call number Barcode Cost, replacement price Price effective from Koha item type Lost status Source of classification or shelving scheme Damaged status Not for loan Withdrawn status Home library Current library Shelving location Date acquired Cost, normal purchase price
05/07/2025   658.3 KLA 0000007986 294000.00 05/07/2025 Books   Dewey Decimal Classification       College of Business Education Main Library College of Business Education Main Library General Collection 07/08/2016 98000.00
05/07/2025   658.3 KLA 0000007987 294000.00 05/07/2025 Books   Dewey Decimal Classification       College of Business Education Main Library College of Business Education Main Library General Collection 07/08/2016 98000.00